| 000 | 00811nam a2200241 a 4500 | ||
|---|---|---|---|
| 005 | 20140310183407.0 | ||
| 008 | 121018s19uu xx 00 eng d | ||
| 020 | _a9789719439240 | ||
| 050 |
_aHF 5386 _b.C744 2011 |
||
| 100 | _aConcepcion, Joey | ||
| 245 |
_aGo negosyo : _bJoey Concepcion's 50 inspiring stories of young entrepreneurs / _cJoey Concepcion... [et al.]. |
||
| 250 | _a1st ed. | ||
| 260 |
_aMandaluyong City, Philippines : _bPhilippine Center for Entrepreneurship, _c2011. |
||
| 300 |
_a229 p. : _bcol. ill. ; _c22 cm. |
||
| 440 | _aGo Negosyo | ||
| 521 | _aBSBA | ||
| 650 |
_aSuccess in business _xPhilippines |
||
| 650 |
_aBusinesspeople _xPhilippines |
||
| 650 | _aEntrepreneurship in literature | ||
| 650 | _aCreative ability in business | ||
| 942 |
_cBK _2lcc _kFOR |
||
| 999 |
_c22431 _d22431 |
||